| 000 | 00664nam a22002177a 4500 | ||
|---|---|---|---|
| 003 | OSt | ||
| 005 | 20140310182943.0 | ||
| 008 | 130204t xxu||||| |||| 00| 0 eng d | ||
| 020 | _a9789715426558 | ||
| 050 |
_aPR9550.9 _b.H632 2011 |
||
| 082 |
_aF899.2100992873 _b.H632 2011 |
||
| 245 |
_aSix sketches of Filipino women writers / _cHidalgo, Cristina P. |
||
| 260 |
_aDiliman, Quezon City : _bUniversity of the Philippines Press, _cc2011 |
||
| 300 |
_axxii, 185 p. : _c23 cm. _bill. ; |
||
| 504 | _aIncludes bibliographical references. | ||
| 521 | _acollege students | ||
| 526 | _c1210L-1700L | ||
| 541 | _j1 | ||
| 562 | _e1 | ||
| 942 |
_2lcc _cBK _kFIL |
||
| 999 |
_c17760 _d17760 |
||